All Countries by IHDI - Statistics

General Stats
  • This quiz has been taken 62 times
    33 since last reset
  • The average score is 85 of 154
Answer Stats
Answer IHDI % Correct
D Denmark 0.898
89%
F Finland 0.890
89%
I Iceland 0.915
89%
I Ireland 0.886
89%
N Norway 0.908
89%
S Switzerland 0.894
89%
G Germany 0.883
84%
S Sweden 0.885
84%
N Netherlands 0.878
79%
J Japan 0.850
74%
A Australia 0.876
68%
A Austria 0.851
68%
B Belgium 0.874
68%
C Canada 0.860
68%
C Chile 0.722
68%
C Czechia 0.850
68%
E Estonia 0.829
68%
F France 0.825
68%
H Hungary 0.792
68%
L Lithuania 0.800
68%
L Luxembourg 0.850
68%
M Malta 0.849
68%
N New Zealand 0.865
68%
S Singapore 0.817
68%
S Slovenia 0.878
68%
S South Korea 0.838
68%
U United Kingdom 0.850
68%
A Argentina 0.720
63%
B Bulgaria 0.701
63%
G Greece 0.791
63%
I Italy 0.791
63%
O Oman 0.708
63%
P Poland 0.816
63%
P Portugal 0.773
63%
S Serbia 0.725
63%
T Turkey 0.717
63%
U Ukraine 0.726
63%
U United States 0.819
63%
U Uruguay 0.710
63%
A Armenia 0.688
58%
B Belarus 0.765
58%
B Burkina Faso 0.315
58%
B Burundi 0.302
58%
C Central African Republic 0.240
58%
C Chad 0.251
58%
C Croatia 0.797
58%
C Cyprus 0.819
58%
D/C Democratic Republic of the Congo 0.341
58%
E Ethiopia 0.363
58%
G Guinea 0.299
58%
G Guinea Bissau 0.306
58%
H Haiti 0.327
58%
I Iran 0.686
58%
K Kazakhstan 0.755
58%
K Kenya 0.426
58%
L Latvia 0.783
58%
M Mali 0.291
58%
M Mauritania 0.389
58%
N Niger 0.292
58%
R/C Republic of the Congo 0.432
58%
R Romania 0.733
58%
R Russia 0.751
58%
R Rwanda 0.387
58%
S Slovakia 0.803
58%
S South Sudan 0.245
58%
S Spain 0.788
58%
S Sudan 0.336
58%
T Tanzania 0.418
58%
G The Gambia 0.348
58%
Y Yemen 0.307
58%
Z Zambia 0.390
58%
Z Zimbabwe 0.458
58%
A Albania 0.710
53%
B Benin 0.334
53%
B Brazil 0.576
53%
C Colombia 0.589
53%
C Comoros 0.310
53%
E Egypt 0.519
53%
E Eswatini 0.424
53%
G Georgia 0.706
53%
G Guyana 0.591
53%
I Indonesia 0.585
53%
I Iraq 0.554
53%
I Israel 0.815
53%
J Jamaica 0.591
53%
L Lesotho 0.372
53%
M Madagascar 0.367
53%
M Malawi 0.377
53%
M Mozambique 0.300
53%
N Namibia 0.402
53%
N Nigeria 0.341
53%
N North Macedonia 0.686
53%
P Panama 0.640
53%
P Peru 0.635
53%
S Sierra Leone 0.309
53%
T Turkmenistan 0.619
53%
U Uganda 0.396
53%
V Venezuela 0.592
53%
V Vietnam 0.602
53%
A Algeria 0.598
47%
A Angola 0.407
47%
A Azerbaijan 0.685
47%
B Bhutan 0.471
47%
B Bolivia 0.549
47%
B Bosnia and Herzegovina 0.677
47%
C Cambodia 0.479
47%
C Cameroon 0.393
47%
C Costa Rica 0.664
47%
D Dominican Republic 0.618
47%
G Ghana 0.458
47%
G Guatemala 0.460
47%
H Honduras 0.479
47%
I India 0.475
47%
I Ivory Coast 0.358
47%
J Jordan 0.617
47%
K Kyrgyzstan 0.627
47%
L Laos 0.459
47%
L Liberia 0.330
47%
M Mexico 0.621
47%
M Moldova 0.711
47%
P Pakistan 0.380
47%
P Papua New Guinea 0.397
47%
P Paraguay 0.582
47%
S Senegal 0.354
47%
S Suriname 0.532
47%
T Tajikistan 0.599
47%
T Thailand 0.686
47%
T Togo 0.372
47%
T Tunisia 0.596
47%
B Barbados 0.657
42%
C China 0.651
42%
E East Timor 0.440
42%
E Ecuador 0.604
42%
E El Salvador 0.548
42%
G Gabon 0.554
42%
K Kiribati 0.516
42%
M Maldives 0.594
42%
M Mongolia 0.644
42%
M Montenegro 0.756
42%
N Nepal 0.449
42%
N Nicaragua 0.516
42%
P Philippines 0.574
42%
S South Africa 0.471
42%
T Tonga 0.666
42%
B Bangladesh 0.503
37%
B Belize 0.535
37%
M Mauritius 0.666
37%
M Morocco 0.504
37%
S Sao Tome and Principe 0.503
37%
S Sri Lanka 0.676
37%
T Tuvalu 0.541
37%
S Seychelles 0.661
32%
S Saint Lucia 0.559
26%
P Samoa 0.613
11%
No matching quizzes found
Score Distribution
Percent of People with Each Score
Percentile by Number Answered
Your Score History
You have not taken this quiz since the last reset